San Vicente Ferrer visto por un coetáneo y condiscípulo / por el Rdo. P. José Ma Coll
Descripción Física:
24 p. ; 24 cm
Materias:
Ferrer, Vicent, Sant
MARC
| LEADER | 00000nam a2200000Ia 4500 | ||
|---|---|---|---|
| 001 | 8028 | ||
| 008 | 160829s1955 xx 000 0 cat d | ||
| 080 | |a FU-7-5 | ||
| 100 | |a Coll, José Ma |9 24345 | ||
| 245 | |a San Vicente Ferrer visto por un coetáneo y condiscípulo / por el Rdo. P. José Ma Coll | ||
| 260 | |a Barcelona : |b Diputación, Biblioteca Central, |c 1955 | ||
| 300 | |a 24 p. ; |c 24 cm | ||
| 490 | |a Conferencias desarrolladas en la Exposición Bibliográfica organizada con motivo de los centenarios de S. Vicente Ferrer (1350-1419), Bernat Metge (1350-1410) y Juan I de Aragón (1350-1395) ; I | ||
| 650 | |a Ferrer, Vicent, Sant |9 24346 | ||
| 710 | 2 | |a Biblioteca Central (Barcelona, Catalunya) |9 54533 | |
| 856 | 4 | |u https://media.diba.cat/diba/fitxers/arxiu/fulletons/bib_8028_baixa.pdf |y Accés lliure | |
| 856 | 4 | |u https://media.diba.cat/diba/fitxers/arxiu/fulletons/bib_8028_baixa.pdf |y Accés lliure | |
| 901 | |a Arxiu | ||
| 942 | |n 1 |2 udc | ||
| 952 | |0 0 |1 0 |4 0 |6 FU75 |7 1 |9 43100 |a Arxiu |b Arxiu |d 2016-12-01 |l 0 |o FU-7-5 |p 8028 |r 2016-12-01 00:00:00 |w 2016-12-01 |y ARXIU | ||
| 999 | |c 45644 |d 45644 | ||
| 900 | |a bib_8028_baixa.pdf | ||